| 000 | 00940cam a22001935a 4500 | ||
|---|---|---|---|
| 001 | L149752 | ||
| 008 | 100421e20100417xxk 000 0 eng d | ||
| 035 | _a(Sirsi) u149752 | ||
| 041 | 0 | _aeng | |
| 100 | 1 | _aHeighton, Mark | |
| 245 | 0 | 0 | _aKnow the score |
| 260 | _c2010 | ||
| 490 |
_aEstates Gazette _v(1015) 17 April 2010. 90-91(2) |
||
| 520 | _aJoint ventures including limited liability partnerships, special-purpose vehicles, special-purpose vehicles and straightforward trust arrangments play key role in real estate sector. Issues for consideration when setting up joint ventures include guarantors, decision marking and tying in joint venture documents with any development agreement or purchase contract. Default and release of guarantors needs to be incorporated into the dispoal of a joint venture interest. | ||
| 590 | _aKA | ||
| 651 | 4 | _aUNITED KINGDOM | |
| 690 | _aPROPERTY-PROPERTY FINANCE AND INVESTMENT | ||
| 942 | _n0 | ||
| 999 |
_c82271 _d82271 |
||